[Event "ICS rated bullet match"]
[Site "204.178.125.65"]
[Date "1999.11.01"]
[Round "?"]
[White "cxc38"]
[Black "Hossa"]
[Result "1/2-1/2"]
[WhiteElo "2085"]
[BlackElo "2374"]
[PlyCount "162"]
[EventDate "1999.??.??"]

1. e4 e6 2. d4 d5 3. exd5 exd5 4. Bd3 c5 5. c3 Nc6 6. Nf3 Bg4 7. O-O cxd4 8.
Re1+ Be7 9. cxd4 Nf6 10. Be3 Qb6 11. Qb3 Qxb3 12. axb3 Bxf3 13. gxf3 O-O 14.
Nc3 Rfc8 15. Rec1 a6 16. Kg2 Re8 17. Na4 Na5 18. Bc2 Ra7 19. Nc5 Bxc5 20. dxc5
Nc6 21. Rd1 Raa8 22. Bf5 Re5 23. Bc2 d4 24. Bxd4 Nxd4 25. Rxd4 Rg5+ 26. Kf1
Rxc5 27. Be4 Nxe4 28. fxe4 Rc2 29. Rd7 Rb8 30. Rad1 Kf8 31. R1d2 Rxd2 32. Rxd2
Ke7 33. Ke2 Rc8 34. Ke3 Rc1 35. f3 Re1+ 36. Kf4 f6 37. Rc2 Kd7 38. Rd2+ Ke8 39.
Rc2 Kd8 40. Rd2+ Kc7 41. Rc2+ Kb6 42. Kf5 Re3 43. f4 g6+ 44. Kxf6 Rxe4 45. Kg7
Re7+ 46. Kf6 Rd7 47. f5 gxf5 48. Kxf5 Rd3 49. Kf6 Rxb3 50. Kg7 h5 51. Kg6 h4
52. Kg5 Rb4 53. Kf5 Kb5 54. Ke5 Rc4 55. Rd2 h3 56. Kd5 b6 57. Re2 Rc1 58. Rd2
a5 59. Kd4 Kc6 60. Kd3 Rh1 61. Re2 Kd5 62. Kc3 b5 63. Kd3 Rg1 64. Kc3 Rf1 65.
Re3 Rc1+ 66. Kb3 a4+ 67. Ka2 b4 68. Rxh3 Rh1 69. Rh5+ Kc4 70. Rh4+ Kb5 71. Rh5+
Kb6 72. Rh6+ Kc5 73. Rh5+ Kc4 74. Rh4+ Kb5 75. Rh5+ Kb6 76. Rh6+ Kc5 77. Rh5+
Kc4 78. Rh4+ Kb5 79. Rh5+ Kb6 80. Rh6+ Kc5 81. Rh5+ 81... Kc4 {
Game drawn by repetition} 1/2-1/2

[Event "ICS rated bullet match"]
[Site "204.178.125.65"]
[Date "1999.11.01"]
[Round "?"]
[White "Hossa"]
[Black "cxc38"]
[Result "0-1"]
[WhiteElo "2363"]
[BlackElo "2096"]
[PlyCount "102"]
[EventDate "1999.??.??"]

1. e4 e6 2. d4 d5 3. Nc3 Bb4 4. e5 Ne7 5. a3 Bxc3+ 6. bxc3 c5 7. Nf3 Bd7 8. Bd3
c4 9. Be2 Ba4 10. Rb1 Qc7 11. O-O Nbc6 12. Ng5 h6 13. Nf3 O-O-O 14. Re1 Qd7 15.
Nd2 Qe8 16. Bf3 Qg8 17. Bg4 Qh7 18. Rb2 Nf5 19. Nf3 Kc7 20. Bh5 Rdf8 21. Bf4 g5
22. Bd2 Ng7 23. Bg4 Qg6 24. Qb1 b6 25. Qd1 h5 26. Bxe6 fxe6 27. Nxg5 Nf5 28.
Nh3 Nh4 29. Bg5 Nxg2 30. Kxg2 Rf5 31. f4 Rff8 32. Kh1 Qf5 33. Nf2 h4 34. Ng4 h3
35. Nf6 Ne7 36. Nh5 Qg6 37. Qd2 Nf5 38. Nf6 Nh4 39. Bxh4 Rxh4 40. Rg1 Qf5 41.
Rf1 Rxf6 42. Qe1 Rg6 43. Qe2 Rhg4 44. Qd1 Rg2 45. Qe1 Qg4 46. Qg3 Rxg3 47. Rbb1
Rg2 48. f5 Qe4 49. Rf3 Qxf3 50. fxg6 Rf2+ 51. Kg1 51... Qg2# {Hossa checkmated}
0-1

[Event "ICS rated blitz match"]
[Site "204.178.125.65"]
[Date "1999.11.01"]
[Round "?"]
[White "Hossa"]
[Black "drunknstupid"]
[Result "1-0"]
[WhiteElo "2451"]
[BlackElo "2320"]
[PlyCount "103"]
[EventDate "1999.??.??"]

1. e4 d5 2. Nc3 d4 3. Nce2 c5 4. Nf3 Nc6 5. Ng3 e5 6. Bb5 f6 7. O-O Bd7 8. d3
Bd6 9. Nh5 Bf8 10. c4 g6 11. Ng3 Bg7 12. Bd2 Nge7 13. Qc1 O-O 14. Bh6 a6 15.
Bxg7 Kxg7 16. Bxc6 Nxc6 17. Ne1 h5 18. f4 Qe7 19. fxe5 fxe5 20. Nf3 Bg4 21. Nd2
b6 22. h3 Qh4 23. Qe1 Rxf1+ 24. Ndxf1 Qg5 25. hxg4 hxg4 26. Qd1 Rh8 27. Qb3 Rb8
28. Qa4 Nb4 29. Qd7+ Kh6 30. Qa7 Rf8 31. Rd1 Qf6 32. Rd2 Nxa2 33. Qxa6 Nc1 34.
Qa4 Nxd3 35. Rxd3 Qf2+ 36. Kh1 Rh8 37. Qd1 Kg7+ 38. Nh2 Qf6 39. Qxg4 Rh4 40.
Nf5+ Kf7 41. Nxh4 g5 42. Rf3 Qxf3 43. N4xf3 Ke7 44. Qxg5+ Kd7 45. Qxe5 Kc6 46.
Nxd4+ cxd4 47. Qd5+ Kc7 48. Qxd4 Kb7 49. Qd7+ Ka6 50. Qc7 Ka5 51. Qc6 Kb4 52.
Qb5# {drunknstupid checkmated} 1-0

[Event "ICS rated blitz match"]
[Site "204.178.125.65"]
[Date "1999.11.01"]
[Round "?"]
[White "Hossa"]
[Black "drunknstupid"]
[Result "1-0"]
[WhiteElo "2470"]
[BlackElo "2301"]
[PlyCount "105"]
[EventDate "1999.??.??"]

1. e4 d5 2. Nc3 d4 3. Nce2 c5 4. Nf3 Nc6 5. Ng3 e5 6. Bb5 f6 7. O-O Bd7 8. d3
g6 9. Nd2 Bg7 10. f4 exf4 11. Rxf4 Ne5 12. Bxd7+ Qxd7 13. Nb3 b6 14. Bd2 Ne7
15. Rf1 N7c6 16. Qc1 O-O 17. Bh6 a5 18. Qd2 a4 19. Nc1 b5 20. Nce2 Ng4 21. Bxg7
Kxg7 22. Rf3 Nce5 23. Rf4 Ne3 24. Nf1 Nxf1 25. Raxf1 b4 26. Ng3 Ra6 27. h4 h5
28. Ne2 Ng4 29. a3 bxa3 30. bxa3 Rb8 31. c4 Rb3 32. Ra1 Rab6 33. Ra2 Rb1+ 34.
Nc1 R6b3 35. Rf3 Qd6 36. g3 Qb8 37. Rc2 Rxa3 38. Kg2 Raa1 39. Kh3 Qb3 40. Rf1
Qb4 41. Qf4 Qb7 42. Re2 Rb3 43. Nxb3 Rxf1 44. Qxf1 axb3 45. Rb2 Ne3 46. Qb1 Qc7
47. Rxb3 Qd7+ 48. Kh2 Ng4+ 49. Kg1 Ne3 50. Rb7 Kh6 51. Rxd7 Ng4 52. Qb7 Ne3 53.
Rh7# {drunknstupid checkmated} 1-0

[Event "ICS rated blitz match"]
[Site "204.178.125.65"]
[Date "1999.11.01"]
[Round "?"]
[White "drunknstupid"]
[Black "Hossa"]
[Result "0-1"]
[WhiteElo "2292"]
[BlackElo "2479"]
[PlyCount "108"]
[EventDate "1999.??.??"]

1. e4 e6 2. d4 d5 3. Nd2 c5 4. Ngf3 cxd4 5. exd5 Qxd5 6. Bc4 Qc5 7. O-O Nc6 8.
Qe2 Be7 9. Ne4 Qb6 10. c3 dxc3 11. bxc3 Nf6 12. Be3 Qa5 13. Bd2 O-O 14. Nd4 Ne5
15. Bb3 Nxe4 16. Qxe4 Rd8 17. Rfd1 Ng6 18. Rac1 Qh5 19. Qf3 Qxf3 20. Nxf3 e5
21. Be3 Bg4 22. h3 Bxf3 23. gxf3 Nf4 24. Bxf4 exf4 25. Kf1 Rxd1+ 26. Rxd1 Rd8
27. Rxd8+ Bxd8 28. Bd5 b6 29. Ke2 Bf6 30. c4 Bd4 31. a4 h5 32. Bc6 g5 33. Bd7
Kf8 34. Bf5 Ke7 35. Be4 Kf8 36. Bd5 h4 37. Be4 Ke7 38. Bf5 Kd6 39. Bd3 Kc5 40.
Bb1 Kxc4 41. Ba2+ Kb4 42. Bxf7 Kxa4 43. Kd3 Bf6 44. Kc4 b5+ 45. Kd3 a5 46. Kc2
Bd4 47. Be8 Kb4 48. Kb1 Bxf2 49. Ka2 a4 50. Bc6 Ka5 51. Bd5 b4 52. Bc6 b3+ 53.
Kb1 a3 54. Bd5 54... Kb4 {drunknstupid resigns} 0-1

[Event "ICS rated blitz match"]
[Site "204.178.125.65"]
[Date "1999.11.01"]
[Round "?"]
[White "Hossa"]
[Black "VanVan"]
[Result "1-0"]
[WhiteElo "2487"]
[BlackElo "2199"]
[PlyCount "26"]
[EventDate "1999.??.??"]

1. e4 c5 2. f4 d5 3. exd5 Qxd5 4. Nc3 Qd6 5. Nf3 Nc6 6. Bc4 Bg4 7. Bxf7+ Kxf7
8. Ng5+ Ke8 9. Qxg4 Nf6 10. Qe6 Nb4 11. Qf7+ Kd7 12. O-O Qd4+ 13. Rf2 13... Ng4
{VanVan resigns} 1-0

[Event "ICS rated blitz match"]
[Site "204.178.125.65"]
[Date "1999.11.01"]
[Round "?"]
[White "Hossa"]
[Black "ComputoJon"]
[Result "1-0"]
[WhiteElo "2488"]
[BlackElo "2235"]
[PlyCount "33"]
[EventDate "1999.??.??"]

1. e4 c5 2. f4 d5 3. exd5 Nf6 4. Bb5+ Bd7 5. Bxd7+ Qxd7 6. c4 e6 7. dxe6 Qxe6+
8. Qe2 Bd6 9. Qxe6+ fxe6 10. Ne2 Nc6 11. O-O O-O 12. Nbc3 Rad8 13. b3 Bb8 14.
Ba3 b6 15. Rad1 Rd7 16. d4 Ng4 17. dxc5 {ComputoJon resigns} 1-0

[Event "ICS rated blitz match"]
[Site "204.178.125.65"]
[Date "1999.11.01"]
[Round "?"]
[White "ComputoJon"]
[Black "Hossa"]
[Result "1/2-1/2"]
[WhiteElo "2229"]
[BlackElo "2494"]
[PlyCount "52"]
[EventDate "1999.??.??"]

1. e4 e6 2. d4 d5 3. Nc3 Nf6 4. e5 Nfd7 5. f4 c5 6. Nf3 Nc6 7. Be3 cxd4 8. Nxd4
Bc5 9. Qd2 O-O 10. Be2 Bxd4 11. Bxd4 Nxd4 12. Qxd4 Nb8 13. O-O Nc6 14. Qf2 f6
15. exf6 Rxf6 16. Rae1 Qa5 17. Qh4 Qb6+ 18. Kh1 Qxb2 19. Nb5 Qxc2 20. Nd6 Qxa2
21. Bg4 Nd4 22. Ne8 Rf7 23. Qd8 Rf8 24. Qe7 Rf7 25. Qd8 Rf8 26. Qe7 26... Rf7 {
Game drawn by mutual agreement} 1/2-1/2

[Event "ICS rated blitz match"]
[Site "204.178.125.65"]
[Date "1999.11.01"]
[Round "?"]
[White "Hossa"]
[Black "Sabalero"]
[Result "1-0"]
[WhiteElo "2484"]
[BlackElo "2117"]
[Annotator "Hiarcs 7.32 (22s)"]
[PlyCount "17"]
[EventDate "1999.??.??"]

1. e4 d6 2. d4 2... Bd7 $146 (2... c5 3. dxc5 dxc5 (3... Qa5+ 4. Nc3 Qxc5 5.
Be3 Qa5 6. Nf3 Nf6 7. Bd3 e6 8. O-O a6 9. Nd4 Be7 10. Kh1 O-O 11. f4 b5 12. e5
Ne8 13. f5 dxe5 14. Be4 exd4 15. Bxd4 b4 16. Ne2 e5 17. Be3 Nc7 18. f6 {
Kanbegawa,M-Kuwaza,C/Dubai olm 1986/TD 86\02/0-1 (65)}) 4. Qxd8+ Kxd8 5. Bc4 f6
6. Nc3 a6 7. Be3 e5 8. O-O-O+ Kc7 9. f4 Bg4 10. Nf3 Nd7 11. h3 Bxf3 12. gxf3 g6
13. Be6 Nb6 14. a4 Re8 15. f5 a5 16. Bf7 Rd8 17. Nb5+ {
1-0 Wiekert,M-Olf,H/NRW-II 1991/TD 91\01 (17)}) (2... b6 3. f3 Bb7 4. Nc3 g6 5.
Bc4 Bg7 6. Nge2 e5 7. Be3 Nd7 8. Qd2 Rb8 9. O-O-O Ne7 10. Ng3 O-O 11. Kb1 c6
12. d5 cxd5 13. Nxd5 Nxd5 14. Bxd5 Nc5 15. Bxc5 dxc5 16. Bxb7 Qxd2 17. Rxd2 {
Fuehrer,S-Blawatt,M/Guben 1996/1-0 (35)}) 3. Nf3 h5 4. Bc4 g6 5. c3 Bh6 6. Nbd2
(6. O-O Bxc1 7. Qxc1 7... b5 $16) 6... Na6 $4 $18 {fuehrt zu weiteren Sorgen} (
6... b5 $142 7. Bb3 7... c5 $16) 7. Qb3 Rb8 (7... Be6 8. Bxe6 fxe6 9. Qxe6
Bxd2+ 10. Bxd2 $18) 8. Bxf7+ Kf8 9. Bxg6 (9. Bxg6 e6 10. e5 $18) 1-0

[Event "ICS rated blitz match"]
[Site "204.178.125.65"]
[Date "1999.11.01"]
[Round "?"]
[White "Secret"]
[Black "Hossa"]
[Result "1-0"]
[WhiteElo "2623"]
[BlackElo "2487"]
[Annotator "Hiarcs 7.32 (22s)"]
[PlyCount "90"]
[EventDate "1999.??.??"]

1. e4 e6 2. d4 d5 3. Nd2 c5 4. exd5 Qxd5 5. Ngf3 cxd4 6. Bc4 Qc5 7. O-O Nc6 8.
Qe2 Qb6 9. Nb3 Nge7 10. Rd1 {Der Druck auf d4 waechst} 10... Nf5 11. Bf4 $146 (
11. Bb5 a6 12. Ba4 Be7 13. Nbxd4 Nfxd4 14. Nxd4 Bd7 15. c3 O-O 16. Nf3 Rfd8 17.
Bg5 Bxg5 18. Nxg5 h6 19. Ne4 Be8 20. Qc2 {
1/2-1/2 Wahls,M-Popovic,P/BL 8889 1989/BL 80 (20)}) (11. Bd3 Nd6 12. a4 Nb4 13.
a5 Qc7 14. Bf4 Nxd3 15. Qxd3 Qc4 16. Qxc4 Nxc4 17. Rxd4 b5 18. axb6 Nxb6 19.
Bd6 Bxd6 20. Rxd6 Bb7 21. Na5 Bd5 22. c4 Nxc4 23. Nxc4 Bxc4 24. Ne5 Bd5 25. Nc6
25... Bxc6 {Kotronias,V-Popovic,P/Moscow GMA-op 1989/TD 89\02/1/2-1/2 (39)})
11... Be7 {Schwarz hat Entwicklungsnachteil.} 12. Bb5 O-O 13. Bxc6 bxc6 14.
Nfxd4 Nxd4 15. Rxd4 a5 16. a4 c5 17. Rdd1 17... Qc6 $14 (17... Ba6 $5 18. Qe5
18... Bc4 $11) 18. Qc4 18... Ra6 $16 (18... Ba6 19. Nxa5 Qb6 20. Qc3 $11) 19.
f3 Qb6 20. Be5 Qa7 21. Kh1 h5 22. Qb5 h4 23. h3 f6 24. Bc3 e5 25. Qc4+ Be6 26.
Qxh4 Rb8 27. Nd2 Rd6 28. Ne4 Rd7 29. Rxd7 Qxd7 30. Re1 c4 31. f4 31... f5 $2
$18 (31... exf4 $142 32. Qxf4 32... Rb6 $16) 32. Ng5 Bxg5 33. fxg5 e4 34. g6
Rb7 35. g4 f4 (35... Qd5 36. Qh7+ Kf8 37. Qh8+ Ke7 38. Qxg7+ Ke8 39. Qh8+ 39...
Kd7 $18) 36. Rxe4 $1 {die Entscheidung. Droht Matt} 36... Qd1+ (36... Qd5 37.
Kg1 $1 {macht alles klar} 37... Rd7 38. Rxf4 Qd1+ 39. Rf1 Qxf1+ 40. Kxf1 Kf8
41. Bxa5 41... Ke8 $18) 37. Kh2 Qxc2+ 38. Kg1 $1 {
kraeftig gespielt. Droht Matt: Qd8} 38... Qd1+ 39. Re1 {
Mit der Mattdrohung Rxd1} 39... Qxe1+ 40. Qxe1 {Droht Matt} 40... Re7 41. Qe5 {
Es droht Matt} 41... Kh8 42. Qb8+ $18 (42. Qd6 Rd7 43. Qxe6 Rd1+ 44. Kf2 Rd8
45. Qe7 Rd2+ 46. Bxd2 c3 47. Qe8#) 42... Bg8 43. Qd8 f3 44. Qxe7 f2+ 45. Kf1
Bf7 1-0

[Event "ICS rated blitz match"]
[Site "204.178.125.65"]
[Date "1999.11.01"]
[Round "?"]
[White "Hossa"]
[Black "q11111"]
[Result "1-0"]
[WhiteElo "2477"]
[BlackElo "2389"]
[Annotator "Hiarcs 7.32 (22s)"]
[PlyCount "95"]
[EventDate "1999.??.??"]

1. e4 e5 2. Nf3 Nc6 3. Bb5 a6 4. Bxc6 dxc6 5. O-O Bg4 6. h3 $146 (6. Nc3 Qf6 7.
Kh1 O-O-O 8. d3 Be7 9. Bg5 Qe6 10. Be3 f5 11. h3 h5 12. exf5 Qxf5 13. Ne4 Rf8
14. Ned2 Nf6 15. Kg1 Nd5 16. a3 Rf6 17. Qe1 Bxh3 18. Nh4 Qg4 19. f3 Rxf3 20.
Ndxf3 Bxh4 21. Nxh4 g5 22. Kh2 Nf4 23. Bxf4 {
1-0 Karmzon,P-Prast,H/SVE-ch op Vaxjo 1992/EXT 92ch (23)}) (6. Re1 Bc5 7. c3
Qf6 8. d4 Bxf3 9. gxf3 O-O-O 10. Qe2 exd4 11. Rd1 Ne7 12. b4 d3 13. Rxd3 Rxd3
14. Qxd3 Qg6+ 15. Kf1 Rd8 16. Qe2 Bb6 17. Bf4 Qe6 18. Bg3 Qh3+ 19. Kg1 h5 20.
Nd2 Ng6 21. a4 h4 22. b5 hxg3 23. hxg3 Qxg3+ 24. Kf1 Qh3+ 25. Ke1 25... Nf4 {
0-1 Lorinczi,P-Ahmed Zaid,A/Candas op 1992/TD 92\09 (25)}) (6. c3 Qf6 7. Qe2
O-O-O 8. Rd1 Bxf3 9. Qxf3 Qxf3 10. gxf3 Rd3 11. Kg2 g6 12. b3 Bh6 13. c4 Ne7
14. h4 Rhd8 15. Rh1 Rg8 16. Rh3 Bf4 17. Kf1 h5 18. Ba3 Re8 19. Ke2 Rd7 20. Bc5
Red8 21. Be3 Bxe3 22. fxe3 Rd3 23. Rh1 c5 24. Rd1 Nc6 25. Nc3 Nb4 26. Nd5 c6
27. Nb6+ Kc7 28. Na4 b6 29. Nc3 a5 30. Rac1 R3d6 31. a3 Na6 32. d3 {
1/2-1/2 Pettinger,J-Gonzalez,A/WchJM-U16 Szeged 1994/TD 94\01 (32)}) (6. d4
Bxf3 7. Qxf3 exd4 8. Rd1 c5 9. e5 c6 10. Nd2 Ne7 11. Ne4 Ng6 12. Qf5 Qc8 13.
Qxc8+ Rxc8 14. Re1 Be7 15. Ng3 O-O 16. Nf5 Rfe8 17. Nxe7+ Rxe7 18. f4 f6 19. e6
b5 20. g3 20... Rce8 {
0-1 Cordero Romero,I-Saha,J/WchJM-U12 Duisburg 1992/TD 92\06 (20)}) 6... h5 7.
Nc3 Qf6 8. d3 Bxf3 9. Qxf3 Qxf3 10. gxf3 10... f6 $14 {Ueberdeckt g5} (10...
Bd6 11. f4 $11) 11. f4 O-O-O 12. fxe5 fxe5 13. f4 exf4 14. Bxf4 Bc5+ 15. Kg2
Bd4 16. Rae1 Ne7 17. Bg5 Rd7 18. Bxe7 $11 (18. e5 $5 18... Nd5 19. Nd1 $16)
18... Rxe7 19. Rf5 g6 20. Rg5 {Weiss erhaelt starke Initiative} 20... Rg8 21.
Rf1 21... Kd7 $16 (21... Re6 $5 $11 {kam sehr in Betracht}) 22. Nd5 $1 {
die richtige Fortsetzung, um den Vorteil festzuhalten} 22... Re6 23. c3 cxd5 (
23... Bh8 $5 24. Nf4 Re5 25. Rxe5 25... Bxe5 $16) 24. Rxd5+ $1 {
zementiert den Vorteil} 24... Kc6 $18 (24... Ke7 25. Rxd4 Re5 26. b4 $16) 25.
cxd4 Rg7 26. Rg5 Kb6 27. d5 Rd6 28. Rf8 Kc5 29. Rf4 29... Kd4 $4 {
schlecht aber verstaendlich} (29... Rb6 $142 30. b3 30... Kd4 $18) 30. e5+ Ke3
31. Rf3+ Ke2 (31... Kd4 {waere gleichermassen fruchtlos} 32. exd6 cxd6 33. Rf6
$18) 32. exd6 cxd6 33. d4 b5 (33... a5 {
kann das Vorangegangene nicht ungeschehen machen} 34. Rgg3 Kd1 35. Rf2 $18) 34.
Rf6 $1 {entscheidend} 34... Kd3 (34... Rd7 {hilft auch nicht mehr} 35. Rgxg6
Rc7 36. Rxd6 $18) 35. Rxd6 Kc2 36. Rdxg6 Rd7 37. Rxh5 {
Der Freibauer h3 greift sofort ein} 37... Kxb2 38. Rxa6 b4 39. d6 $1 {
ganz unerschrocken} 39... Kc3 40. d5 (40. Rc5+ {
erleichterte Weiss die Gewinnfuehrung} 40... Kxd4 41. Rc7 41... Rd8 $18) 40...
Kc4 41. Rg5 Rd8 42. Rc6+ Kd4 43. h4 Ke4 44. Kg3 Ra8 45. Rc4+ Kd3 46. Rgg4 $1 {
nun ist alles klar} 46... Rxa2 47. Kf3 $1 {triumphiert} 47... b3 (47... Rf2+ {
hilft allerdings auch nicht} 48. Kxf2 b3 49. Rgd4#) 48. Rgd4# 1-0

[Event "ICS rated blitz match"]
[Site "204.178.125.65"]
[Date "1999.11.01"]
[Round "?"]
[White "Hossa"]
[Black "TheTao"]
[Result "1-0"]
[WhiteElo "2479"]
[BlackElo "2296"]
[Annotator "Hiarcs 7.32 (22s)"]
[PlyCount "87"]
[EventDate "1999.??.??"]

1. e4 d5 2. Nc3 d4 3. Nce2 Nc6 (3... g6 4. f4 Bg7 5. Nf3 c5 6. Ng3 Nc6 7. Bc4
Nf6 8. d3 O-O 9. a4 a6 10. O-O Rb8 11. f5 b5 12. axb5 axb5 13. Ba2 gxf5 14.
exf5 Bb7 15. Ng5 Nb4 16. Bb3 c4 17. dxc4 d3 18. c3 {
Palkovi,J-Lukacs,P/Budapest 1996/CBM 57/0-1 (40)}) 4. Nf3 $146 (4. Ng3 Nf6 (
4... e5 5. Bc4 Nf6 6. d3 Bb4+ 7. Bd2 Bxd2+ 8. Qxd2 Be6 9. Nf3 Bxc4 10. dxc4 g6
11. b4 Qd6 12. c5 Qe7 13. c3 Rd8 14. O-O O-O 15. Rad1 Rd7 16. b5 Nb8 17. cxd4
exd4 18. e5 Ne8 19. Qh6 {
Moser,G-Eis,H/2.BLS9697 Tuebingen-Heidelberg 1997/BL2-S/1-0 (47)}) (4... g6 5.
Bb5 Bg7 6. Bxc6+ bxc6 7. d3 Nf6 8. f4 O-O 9. Nf3 Ng4 10. O-O Rb8 11. Qe2 Qd6
12. h3 Ne3 13. Bxe3 dxe3 14. e5 Qb4 15. Qxe3 Qxb2 16. Qc5 Qb6 17. Ne4 f5 18.
exf6 exf6 19. Rab1 {Goessling,G-Raasch,J/NRW-I 1993/TD 93\01/1-0 (33)}) 5. Nf3
a6 6. Bc4 Bg4 7. Bb3 e6 8. h3 Bxf3 9. Qxf3 Ne5 10. Qd1 d3 11. O-O h5 12. cxd3
Bc5 13. Bc2 Neg4 14. d4 Bxd4 15. Qe2 Qd6 16. d3 h4 17. Be3 hxg3 18. Bxd4 gxf2+
19. Rxf2 Qxd4 20. hxg4 O-O-O 21. g3 21... Rh3 {
0-1 Widmann,V-Hillenbrand,A/Neuwied op 1993/GER 09 (21)}) 4... e5 5. Ng3 Nf6 6.
Bc4 Be7 7. O-O Bg4 8. d3 a6 9. Nf5 Bxf5 10. exf5 b5 11. Bb3 O-O 12. Re1 Bb4 13.
Re2 Qd6 14. Bg5 Rae8 15. a3 Bc5 16. Qd2 h6 17. Bh4 Rd8 18. Rae1 Rfe8 19. Bg3
Nd7 20. f6 Qxf6 21. Bh4 g5 22. Nxg5 hxg5 23. Bxg5 Qf5 24. Bxd8 Rxd8 25. Bd5
Ndb8 26. Be4 Qf6 27. Bxc6 Nxc6 28. Re4 Bf8 29. Rg4+ Kh8 30. Qd1 Bh6 31. Rge4
Rg8 32. Qh5 Qg5 33. Qh3 Kh7 34. c3 dxc3 35. bxc3 Rg6 36. d4 f5 37. Rh4 Qd2 38.
Rf1 exd4 39. Qxf5 dxc3 40. Qf7+ Rg7 41. Qf5+ Rg6 42. Qf7+ Rg7 43. Qf5+ Rg6 44.
Qf7+ 1-0

[Event "ICS rated blitz match"]
[Site "204.178.125.65"]
[Date "1999.11.01"]
[Round "?"]
[White "q11111"]
[Black "Hossa"]
[Result "0-1"]
[WhiteElo "2284"]
[BlackElo "2481"]
[PlyCount "64"]
[EventDate "1999.??.??"]

1. e4 d6 2. d4 c6 3. Nf3 Nf6 4. Nc3 Bg4 5. Be2 Nbd7 6. O-O e5 7. dxe5 dxe5 8.
h3 Bh5 9. Bg5 Bb4 10. Qd3 Bxc3 11. Qxc3 Nxe4 12. Bxd8 Nxc3 13. bxc3 Bxf3 14.
Bxf3 Rxd8 15. Rab1 Nb6 16. c4 Rd7 17. c5 Nd5 18. c4 Ne7 19. Rb3 Kd8 20. Rfb1
Kc8 21. Re3 f6 22. Bg4 f5 23. Be2 Ng6 24. Bh5 Nf4 25. Bd1 e4 26. f3 Rhd8 27.
Bc2 Rd2 28. fxe4 Rxg2+ 29. Kh1 Rxc2 30. exf5 Rdd2 31. Rf1 Rh2+ 32. Kg1 32...
Rcg2# {q11111 checkmated} 0-1

[Event "ICS rated blitz match"]
[Site "204.178.125.65"]
[Date "1999.11.01"]
[Round "?"]
[White "Weezer"]
[Black "Hossa"]
[Result "1-0"]
[WhiteElo "2554"]
[BlackElo "2487"]
[PlyCount "98"]
[EventDate "1999.??.??"]

1. e4 d6 2. Nf3 e5 3. d4 exd4 4. Nxd4 g6 5. Nc3 Bg7 6. Be3 Nf6 7. Qd2 Nc6 8.
O-O-O O-O 9. f3 Nxd4 10. Bxd4 Be6 11. g4 c5 12. Be3 Qa5 13. a3 Rad8 14. Bh6 c4
15. Bxg7 Kxg7 16. g5 Ne8 17. Bxc4 Bxc4 18. Qd4+ Kg8 19. Qxc4 Qxg5+ 20. Kb1 Nf6
21. Qd4 b6 22. f4 Qh4 23. h3 Rde8 24. Rhf1 Re6 25. f5 Re7 26. fxg6 fxg6 27.
Qxd6 Nxe4 28. Qd5+ Rff7 29. Qa8+ Kg7 30. Nxe4 Rxe4 31. Rxf7+ Kxf7 32. Qxa7+ Re7
33. Rf1+ Kg7 34. Qxb6 Qxh3 35. Qf6+ Kh6 36. Qf4+ Kh5 37. Rg1 Qh4 38. Qc1 Qf6
39. Rh1+ Kg4 40. Qg1+ Kf5 41. Qf2+ Ke6 42. Qb6+ Kf7 43. Rxh7+ Qg7 44. Rxg7+
Kxg7 45. Qd4+ Kf7 46. b4 g5 47. c4 Kg6 48. c5 Re1+ 49. Kc2 49... Kh5 {
Hossa resigns} 1-0